000 00648nam a2200241Ia 4500
001 Para_7453
003 CHAP
008 220125s9999 xx 000 0 und d
010 _a206341
040 _cCHAP
082 _aPA-C 632.3 M4
245 _aLa peronospora en la papa de Mendoza
500 _aEncuadernado con otros impresos similares
650 _aFitopatología
_x colecciones de escritos
_9172523
650 7 _aPapas
_xEnfermedades
_2
_985227
901 _aPA-C 632.3 M4
902 _aA
905 _a000000 0000000000 00
910 _a
942 _cPARA
942 _cPARA
_d1
999 _c206341
_d206341